000 01191nam a2200229Ia 4500
001 L232-6492
003 IT-CnALBA
008 170116s9999||||xx |||||||||||||| ||und||
040 _aIT-CnALBA
_cIT-CnALBA
041 _aITALIANO
100 _aRENAN ERNEST
245 0 _aVITA DI GESÙ.
250 _a1a ed.
260 _aMILANO
_bDALL'OGLIO CORBACCIO EDITORE
_c1961 [1° Ed.:1961 - Ed.Ling.Originale: 1961]
300 _a256 p.
500 _aTRADUZIONE DAL FRANCESE DI TORELLI UDILLIER. GESÙ NELLA STORIA DEL MONDO. INFANZIA E ADOLESCENZA DI GESÙ. EDUCAZIONE. AMBIENTE CULTURALE DI GESÙ. AFORISMI DI GESÙ. DIO PADRE. PUREZZA DELLA RELIGIONE. PRIMI DISCEPOLI. GESÙ E GIOVANNI. BATTESIMO DI GESÙ. GE
501 _aSocietà San Paolo EM - Piazza San Paolo, 14 - 12051 ALBA (CN) (non commercial uses only) ® Copyright 2017
520 _aTRADUZIONE DAL FRANCESE DI TORELLI UDILLIER. GESÙ NELLA STORIA DEL MONDO. INFANZIA E ADOLESCENZA DI GESÙ. EDUCAZIONE. AMBIENTE CULTURALE DI GESÙ. AFORISMI DI GESÙ. DIO PADRE. PUREZZA DELLA RELIGIONE. PRIMI DISCEPOLI. GESÙ E GIOVANNI. BATTESIMO DI GESÙ. GE
650 _aVITA E MISTERO DI CRISTO
942 _cBK
957 _71
999 _a7468
_bNO
_g Copie: 1
_c265674
_d265674